[Event "Mlada Boleslav Region-ch U20"]
[Site "Mlada Boleslav"]
[Date "2013.06.23"]
[Round "5"]
[White "Sefcik, Miroslav"]
[Black "Gabriel, Patrik"]
[Result "1/2-1/2"]
[WhiteElo "1495"]
[BlackElo "1363"]
[PlyCount "60"]
[EventDate "2013.06.22"]
[EventType "swiss"]
[EventRounds "7"]
[EventCountry "CZE"]
[SourceTitle "EXT 2015"]
[Source "ChessBase"]
[SourceDate "2014.11.20"]
[SourceVersion "1"]
[SourceVersionDate "2014.11.20"]
[SourceQuality "1"]

1. e4 e5 2. Nf3 Nc6 3. d4 exd4 4. Nxd4 Nxd4 5. Qxd4 d6 6. Bc4 Qf6 7. Be3 Be7 8. Nc3 Qxd4 9. Bxd4 Nf6 10. 0-0 0-0 11. Rfe1 c5 12. Be3 Be6 13. Bd5 Bxd5 14. Nxd5 Nxd5 15. exd5 Rfe8 16. Re2 Bf6 17. c4 Re7 18. Rae1 Rae8 19. b3 a6 20. Kf1 h6 21. Bf4 Rxe2 22. Rxe2 Rxe2 23. Kxe2 Be7 24. h3 g5 25. Bd2 Kg7 26. g4 Kg6 27. Bc3 f5 28. f3 h5 29. Ke3 b6 30. a4 a5 1/2-1/2

[Event "Mlada Boleslav Region-ch U20"]
[Site "Mlada Boleslav"]
[Date "2013.06.22"]
[Round "1"]
[White "Horak, Martin"]
[Black "Gabriel, Patrik"]
[Result "1-0"]
[WhiteElo "1804"]
[BlackElo "1363"]
[PlyCount "55"]
[EventDate "2013.06.22"]
[EventType "swiss"]
[EventRounds "7"]
[EventCountry "CZE"]
[SourceTitle "EXT 2015"]
[Source "ChessBase"]
[SourceDate "2014.11.20"]
[SourceVersion "1"]
[SourceVersionDate "2014.11.20"]
[SourceQuality "1"]

1. e4 e5 2. f4 d6 3. Nf3 exf4 4. Bc4 Be7 5. 0-0 Nf6 6. Nc3 0-0 7. d4 Nc6 8. Bxf4 Bg4 9. Be3 Na5 10. Bd3 d5 11. e5 Ne8 12. Qe1 Bxf3 13. Rxf3 Nc4 14. Bxc4 dxc4 15. Qe2 g6 16. Qxc4 Ng7 17. Bh6 a6 18. a4 c6 19. a5 Bg5 20. Bxg5 Qxg5 21. Ne4 Qe7 22. Nf6+ Kh8 23. Raf1 Rad8 24. Rh3 h5 25. Qc3 Qe6 26. Qe3 Nf5 27. Rxh5+ Kg7 28. Rh7# 1-0

[Event "Mlada Boleslav Region-ch U20"]
[Site "Mlada Boleslav"]
[Date "2012.06.23"]
[Round "2"]
[White "Gabriel, Patrik"]
[Black "Machac, Jakub"]
[Result "1-0"]
[WhiteElo "1269"]
[BlackElo "1250"]
[PlyCount "87"]
[EventDate "2012.06.23"]
[EventType "swiss"]
[EventRounds "7"]
[EventCountry "CZE"]
[SourceTitle "EXT 2014"]
[Source "ChessBase"]
[SourceDate "2013.11.20"]
[SourceVersion "1"]
[SourceVersionDate "2013.11.20"]
[SourceQuality "1"]

1. e4 e5 2. Nf3 Nc6 3. c3 Nf6 4. d3 a6 5. Bg5 h6 6. Bxf6 Qxf6 7. Be2 b5 8. d4 b4 9. dxe5 Nxe5 10. Nxe5 Qxe5 11. Qd4 Qxd4 12. cxd4 Bb7 13. Bd3 d5 14. exd5 Bxd5 15. 0-0 Bd6 16. Re1+ Be7 17. Nd2 Kd7 18. Bc4 Bxc4 19. Nxc4 Rab8 20. Ne5+ Ke8 21. Nc6 Kd7 22. Nxe7 b3 23. a3 Rhe8 24. Nf5 Rg8 25. Re7+ Kd8 26. Rae1 Rb5 27. R7e5 Rxe5 28. Rxe5 f6 29. Re6 a5 30. d5 Re8 31. Nxg7 Rxe6 32. Nxe6+ Kd7 33. Nf4 Kd6 34. Kf1 Ke5 35. g3 h5 36. Ke2 h4 37. Ke3 hxg3 38. fxg3 c5 39. dxc6 Kd6 40. c7 Kxc7 41. Ke4 Kd7 42. h4 Ke7 43. g4 Kf7 44. g5 1-0

[Event "Mlada Boleslav Region-ch U20"]
[Site "Mlada Boleslav"]
[Date "2012.06.23"]
[Round "1"]
[White "Pycha, Patrik"]
[Black "Gabriel, Patrik"]
[Result "1-0"]
[WhiteElo "1886"]
[BlackElo "1269"]
[PlyCount "78"]
[EventDate "2012.06.23"]
[EventType "swiss"]
[EventRounds "7"]
[EventCountry "CZE"]
[SourceTitle "EXT 2014"]
[Source "ChessBase"]
[SourceDate "2013.11.20"]
[SourceVersion "1"]
[SourceVersionDate "2013.11.20"]
[SourceQuality "1"]

1. e4 e5 2. Nf3 Nc6 3. Bb5 d6 4. d4 Bd7 5. c3 Nf6 6. Nbd2 a6 7. Ba4 b5 8. Bc2 Bg4 9. d5 Na5 10. b4 Nb7 11. a4 Be7 12. Qe2 0-0 13. axb5 axb5 14. Rxa8 Qxa8 15. Qxb5 Qa1 16. Nb1 Bxf3 17. gxf3 Qa2 18. Na3 Qa1 19. 0-0 Qxc3 20. Qxb7 Qxf3 21. Bd1 Qxe4 22. Qxc7 Nxd5 23. Qb7 Bh4 24. Nc2 Qg6+ 25. Kh1 Nc3 26. Qf3 Nxd1 27. Qxd1 Rc8 28. Ne3 Qe4+ 29. Ng2 Be7 30. b5 Qb7 31. Qb3 Rb8 32. Ba3 Qxb5 33. Qxb5 Rxb5 34. Ne3 g6 35. Rd1 Bg5 36. Nc4 d5 37. Nxe5 Bf6 38. Nd7 Bg7 39. Re1 h5 1-0